ბათუმის შოთა რუსთაველის სახელმწიფო უნივერსიტეტის ბიბლიოთეკა

მოსწავლეთა საწარმოო სწავლების ჰიგიენა / (ბიბ.ჩანაწერი № 62021)

000 -ლიდერი
ფიქსირებული სიგრძის საკონტროლო ველი 00985nam a22001937a 4500
003 - საკონტროლო ნომრის იდენტიფიკატორი
საკონტროლო ველი Ge_BSU
005 - ბოლო ოპერაციის თარიღი და დრო
საკონტროლო ველი 20240624124322.0
008 - ფიქსირებული სიგრძის მონაცემთა ელემენტები - ზოგადი ინფორმაცია
ფიქსირებული სიგრძის საკონტროლო ველი 240624s1963 ge ||||| |||| 00| 0 geo d
041 ## - ენის კოდი
Language code of text/sound track or separate title geo
080 ## - უნივერსალური ათობითი კლასიფიკაციის ინდექსი
Universal Decimal Classification number 373.6 კ-66
100 ## - მთავარი ჩანაწერი - პიროვნების სახელი
Personal name კოვზირიძე, ზ.
9 (RLIN) 22550
245 ## - ცნობა სათაურის შესახებ
Title მოსწავლეთა საწარმოო სწავლების ჰიგიენა /
Statement of responsibility, etc ზ. კოვზირიძე; რედ. თ. კობერიძე; საქ. სსრ განათლ. სამინისტროს პედ. მეცნ. სამეცნ.-კვლევ. ინ-ტი.
264 ## - წარმოების, გამოცემის, დისტრიბუციის და სხვა ცნობები
გამოცემის, წარმოების, დისტრიბუციის... ადგილი თბ.,
გამოცემის, წარმოების, დისტრიბუციის... სახელწოდება ცოდნა,
გამოცემის, წარმოების, დისტრიბუციის... თარიღი 1963.
300 ## - ფიზიკური აღწერა
Extent 46 გვ. :
Other physical details ცხრილ. ;
Dimensions 21 სმ.
653 ## - INDEX TERM--UNCONTROLLED
Uncontrolled term მოსწავლეთა საწარმოო სწავლება
653 ## - INDEX TERM--UNCONTROLLED
Uncontrolled term ჰიგიენა
700 ## - ADDED ENTRY--PERSONAL NAME
Personal name კობერიძე, თ.
Relator term რედაქტორი
9 (RLIN) 1783
942 ## - ADDED ENTRY ELEMENTS (KOHA)
Source of classification or shelving scheme
Koha item type წიგნი
ეგზემპლარები
ჩამოწერის სტატუსი დაკარგული ეგზემპლარის სტატუსი კლასიფიკაციის წყარო ან თაროზე გაწყობის სქემა დაზიანების სტატუსი არ გაიცემა მუდმივი მდებარეობა (დაცვის ადგილი) ამჟამინდელი ადგილსამყოფელი თაროზე განთავსების ადგილი შეძენის თარიღი ღირებულება, შესყიდვის ნორმალური ფასი სრული შენახვის შიფრი შტრიხკოდი ბოლო ოპერაციის თარიღი ეგზემპლარის მიმდევრობითი ნომერი (კეტერი?) ფასის ძალაში შესვლის თარიღი ეგზემპლარის სახეობა საჯარო შენიშვნა
          ბათუმის შოთა რუსთაველის სახელმწიფო უნივერსიტეტის მთავარი ბიბლიოთეკა ბათუმის შოთა რუსთაველის სახელმწიფო უნივერსიტეტის მთავარი ბიბლიოთეკა წიგნსაცავი 2024-06-24 0.14 373.6 კ-66 68302 2024-06-24 68302 2024-06-24 წიგნი 0.14 თ.
          ბათუმის შოთა რუსთაველის სახელმწიფო უნივერსიტეტის მთავარი ბიბლიოთეკა ბათუმის შოთა რუსთაველის სახელმწიფო უნივერსიტეტის მთავარი ბიბლიოთეკა წიგნსაცავი 2024-06-24 0.14 373.6 კ-66 68301 2024-06-24 68301 2024-06-24 წიგნი 0.14 თ.